|
|
|
|
| LEADER |
00877nab a2200229 i 4500 |
| 001 |
publ6813 |
| 005 |
20190222110630.0 |
| 008 |
160513s2016 hu o 0|| zxx d |
| 022 |
|
|
|a 1381-6128
|
| 024 |
7 |
|
|a 10.2174/1381612822666151214105439
|2 doi
|
| 024 |
7 |
|
|a 3040324
|2 mtmt
|
| 040 |
|
|
|a SZTE Publicatio Repozitórium
|b hun
|
| 041 |
|
|
|a zxx
|
| 100 |
1 |
|
|a Bohár Zsuzsanna
|
| 245 |
1 |
0 |
|a Tryptophan catabolites and migraine
|h [elektronikus dokumentum] /
|c Bohár Zsuzsanna
|
| 260 |
|
|
|a Bentham Science
|c 2016
|
| 300 |
|
|
|a 1013-1021
|
| 490 |
0 |
|
|a CURRENT PHARMACEUTICAL DESIGN
|v 22 No. 8
|
| 700 |
0 |
1 |
|a Párdutz Árpád
|e aut
|
| 700 |
0 |
1 |
|a Vécsei László
|e aut
|
| 856 |
4 |
0 |
|u http://publicatio.bibl.u-szeged.hu/6813/1/Boh%C3%A1r%20postprint.pdf
|z Dokumentum-elérés
|
| 856 |
4 |
0 |
|u http://publicatio.bibl.u-szeged.hu/6813/7/CURRENT%20PHARMACEUTICAL%20DESIGN_2016_cimlap.pdf
|z Dokumentum-elérés
|